Horacio Walker y su tiempo

Պահպանված է:
Մատենագիտական մանրամասներ
Հիմնական հեղինակներ: Correa, Sofía (Հեղինակ), Cruz, Nicolás (Հեղինակ), Krzeminski, Virginia (Հեղինակ), Serrano, Sol (Հեղինակ)
Ձևաչափ: Գիրք
Լեզու:իսպաներեն
Հրապարակվել է: Santiago Ediciones Aconcagua 1976
Հրատարակություն:1a. ed
Շարք:Colección Lautaro
Խորագրեր:
Ցուցիչներ: Ավելացրեք ցուցիչ
Չկան պիտակներ, Եղեք առաջինը, ով նշում է այս գրառումը!

MARC

LEADER 00000cam a2200000 a 4500
001 UCE7404
003 CL-VaPUC
008 150605e19760000cl |||||||||||||||||spa|d
082 0 4 |a 324.28304  |b COR  |2 21 
100 0 |a Correa, Sofía  |e author  |9 580074 
700 0 |a Cruz, Nicolás  |e author  |9 580075 
700 0 |a Krzeminski, Virginia  |e author  |9 580076 
700 0 |a Serrano, Sol  |e author  |9 580077 
245 1 0 |a Horacio Walker y su tiempo 
250 |a 1a. ed 
300 |a 223 p 
942 |c BK 
945 |d 20150605 14:50:00  |a gsalatino 
260 |a Santiago  |b Ediciones Aconcagua  |c 1976 
600 0 7 |a WALKER, HORACIO  |2 CL-VaPUC  |9 320336 
650 7 |a PARTIDO CONSERVADOR  |2 CL-VaPUC  |9 405101 
650 0 |a Política y gobierno  |9 255151 
651 7 |a CHILE  |2 CL-VaPUC  |9 580078 
583 |a last modification  |c 20150605 14:50:00  |k Rodrigo Vera 
490 0 |a Colección Lautaro 
999 |c 359499  |d 359497 
952 |0 0  |1 0  |3 erb  |4 0  |6 324_283040000000000_COR_1976  |7 0  |8 A  |9 468702  |a BIBHIS  |b BIBHIS  |i 5162068  |o 324.28304 COR 1976  |p 5162068  |r 2025-01-20  |w 2019-11-23  |y BK  |z Catalogado en:20150605  |k HIS